Engineering Mathematics 1 : Mathematics for Computer and Information Science (Record no. 38025)
[ view plain ]
| 000 -LEADER | |
|---|---|
| fixed length control field | 00434nam a22001697a 4500 |
| 082 ## - DEWEY DECIMAL CLASSIFICATION NUMBER | |
| Classification number | 510 VAR |
| 100 ## - MAIN ENTRY--AUTHOR NAME | |
| Personal name | Varun Soman |
| 100 ## - MAIN ENTRY--AUTHOR NAME | |
| Personal name | Manjulatha P A |
| 100 ## - MAIN ENTRY--AUTHOR NAME | |
| Personal name | Anil Kumar B T |
| 245 ## - TITLE STATEMENT | |
| Title | Engineering Mathematics 1 : Mathematics for Computer and Information Science |
| 250 ## - EDITION STATEMENT | |
| Edition statement | 1 |
| 260 ## - PUBLICATION, DISTRIBUTION, ETC. (IMPRINT) | |
| Name of publisher | Owl Books |
| Place of publication | Trivandrum |
| Year of publication | 2025 |
| 546 ## - LANGUAGE NOTE | |
| Language note | English |
| 650 ## - SUBJECT ADDED ENTRY--TOPICAL TERM | |
| Topical Term | APS |
| 942 ## - ADDED ENTRY ELEMENTS (KOHA) | |
| Koha item type | Text Book |
| 952 ## - LOCATION AND ITEM INFORMATION (KOHA) | |
| Damaged status | |
| Not for loan | |
| 952 ## - LOCATION AND ITEM INFORMATION (KOHA) | |
| Damaged status | |
| Not for loan | |
| 952 ## - LOCATION AND ITEM INFORMATION (KOHA) | |
| Damaged status | |
| Not for loan | |
| 952 ## - LOCATION AND ITEM INFORMATION (KOHA) | |
| Damaged status | |
| Not for loan | |
| 952 ## - LOCATION AND ITEM INFORMATION (KOHA) | |
| Damaged status | |
| Not for loan | |
| 952 ## - LOCATION AND ITEM INFORMATION (KOHA) | |
| Damaged status | |
| Not for loan | |
| 952 ## - LOCATION AND ITEM INFORMATION (KOHA) | |
| Damaged status | |
| Not for loan | |
| 952 ## - LOCATION AND ITEM INFORMATION (KOHA) | |
| Damaged status | |
| Not for loan | |
| 952 ## - LOCATION AND ITEM INFORMATION (KOHA) | |
| Damaged status | |
| Not for loan | |
| 952 ## - LOCATION AND ITEM INFORMATION (KOHA) | |
| Damaged status | |
| Not for loan | |
| 952 ## - LOCATION AND ITEM INFORMATION (KOHA) | |
| Damaged status | |
| Not for loan | |
| 952 ## - LOCATION AND ITEM INFORMATION (KOHA) | |
| Damaged status | |
| Not for loan | |
| 952 ## - LOCATION AND ITEM INFORMATION (KOHA) | |
| Damaged status | |
| Not for loan | |
| 952 ## - LOCATION AND ITEM INFORMATION (KOHA) | |
| Damaged status | |
| Not for loan | |
| 952 ## - LOCATION AND ITEM INFORMATION (KOHA) | |
| Damaged status | |
| Not for loan | |
| 952 ## - LOCATION AND ITEM INFORMATION (KOHA) | |
| Damaged status | |
| Not for loan | |
| 952 ## - LOCATION AND ITEM INFORMATION (KOHA) | |
| Damaged status | |
| Not for loan | |
| 952 ## - LOCATION AND ITEM INFORMATION (KOHA) | |
| Damaged status | |
| Not for loan | |
| 952 ## - LOCATION AND ITEM INFORMATION (KOHA) | |
| Damaged status | |
| Not for loan | |
| 952 ## - LOCATION AND ITEM INFORMATION (KOHA) | |
| Damaged status | |
| Not for loan | |
| 952 ## - LOCATION AND ITEM INFORMATION (KOHA) | |
| Damaged status | |
| Not for loan | |
| 952 ## - LOCATION AND ITEM INFORMATION (KOHA) | |
| Damaged status | |
| Not for loan | |
| 952 ## - LOCATION AND ITEM INFORMATION (KOHA) | |
| Damaged status | |
| Not for loan | |
| 952 ## - LOCATION AND ITEM INFORMATION (KOHA) | |
| Damaged status | |
| Not for loan | |
| 952 ## - LOCATION AND ITEM INFORMATION (KOHA) | |
| Damaged status | |
| Not for loan | |
| 952 ## - LOCATION AND ITEM INFORMATION (KOHA) | |
| Damaged status | |
| Not for loan | |
| 952 ## - LOCATION AND ITEM INFORMATION (KOHA) | |
| Damaged status | |
| Not for loan | |
| 952 ## - LOCATION AND ITEM INFORMATION (KOHA) | |
| Damaged status | |
| Not for loan | |
| 952 ## - LOCATION AND ITEM INFORMATION (KOHA) | |
| Damaged status | |
| Not for loan | |
| 952 ## - LOCATION AND ITEM INFORMATION (KOHA) | |
| Damaged status | |
| Not for loan | |
| 952 ## - LOCATION AND ITEM INFORMATION (KOHA) | |
| Damaged status | |
| Not for loan | |
| 952 ## - LOCATION AND ITEM INFORMATION (KOHA) | |
| Damaged status | |
| Not for loan | |
| 952 ## - LOCATION AND ITEM INFORMATION (KOHA) | |
| Damaged status | |
| Not for loan | |
| 952 ## - LOCATION AND ITEM INFORMATION (KOHA) | |
| Damaged status | |
| Not for loan | |
| 952 ## - LOCATION AND ITEM INFORMATION (KOHA) | |
| Damaged status | |
| Not for loan | |
| 952 ## - LOCATION AND ITEM INFORMATION (KOHA) | |
| Damaged status | |
| Not for loan | |
| 952 ## - LOCATION AND ITEM INFORMATION (KOHA) | |
| Damaged status | |
| Not for loan | |
| 952 ## - LOCATION AND ITEM INFORMATION (KOHA) | |
| Damaged status | |
| Not for loan | |
| 952 ## - LOCATION AND ITEM INFORMATION (KOHA) | |
| Damaged status | |
| Not for loan | |
| 952 ## - LOCATION AND ITEM INFORMATION (KOHA) | |
| Damaged status | |
| Not for loan | |
| Withdrawn status | Collection code | Permanent Location | Current Location | Shelving location | Date acquired | Source of acquisition | Cost, normal purchase price | Inventory number | Full call number | Accession Number | Price effective from | Koha item type |
|---|---|---|---|---|---|---|---|---|---|---|---|---|
| MATHEMATICS | VAST Central Library | VAST Central Library | S-138/AS | 14/11/2025 | Minerva Books | 300.00 | 85 | 510 VAR | 37964 | 19/11/2025 | Text Book | |
| MATHEMATICS | VAST Central Library | VAST Central Library | S-138/AS | 14/11/2025 | Minerva Books | 300.00 | 85 | 510 VAR | 37965 | 19/11/2025 | Text Book | |
| MATHEMATICS | VAST Central Library | VAST Central Library | S-138/AS | 14/11/2025 | Minerva Books | 300.00 | 85 | 510 VAR | 37966 | 19/11/2025 | Text Book | |
| MATHEMATICS | VAST Central Library | VAST Central Library | S-138/AS | 14/11/2025 | Minerva Books | 300.00 | 85 | 510 VAR | 37967 | 19/11/2025 | Text Book | |
| MATHEMATICS | VAST Central Library | VAST Central Library | S-138/AS | 14/11/2025 | Minerva Books | 300.00 | 85 | 510 VAR | 37968 | 19/11/2025 | Text Book | |
| MATHEMATICS | VAST Central Library | VAST Central Library | S-138/AS | 14/11/2025 | Minerva Books | 300.00 | 85 | 510 VAR | 37969 | 19/11/2025 | Text Book | |
| MATHEMATICS | VAST Central Library | VAST Central Library | 14/11/2025 | Minerva Books | 300.00 | 85 | 510 VAR | 37970 | 19/11/2025 | Text Book | ||
| MATHEMATICS | VAST Central Library | VAST Central Library | 14/11/2025 | Minerva Books | 300.00 | 85 | 510 VAR | 37971 | 19/11/2025 | Text Book | ||
| MATHEMATICS | VAST Central Library | VAST Central Library | S-138/AS | 14/11/2025 | Minerva Books | 300.00 | 85 | 510 VAR | 37972 | 19/11/2025 | Text Book | |
| MATHEMATICS | VAST Central Library | VAST Central Library | 14/11/2025 | Minerva Books | 300.00 | 85 | 510 VAR | 37973 | 19/11/2025 | Text Book | ||
| MATHEMATICS | VAST Central Library | VAST Central Library | S-138/AS | 14/11/2025 | Minerva Books | 300.00 | 85 | 510 VAR | 37974 | 19/11/2025 | Text Book | |
| MATHEMATICS | VAST Central Library | VAST Central Library | S-138/AS | 14/11/2025 | Minerva Books | 300.00 | 85 | 510 VAR | 37975 | 19/11/2025 | Text Book | |
| MATHEMATICS | VAST Central Library | VAST Central Library | S-138/AS | 14/11/2025 | Minerva Books | 300.00 | 85 | 510 VAR | 37976 | 19/11/2025 | Text Book | |
| MATHEMATICS | VAST Central Library | VAST Central Library | S-138/AS | 14/11/2025 | Minerva Books | 300.00 | 85 | 510 VAR | 37977 | 19/11/2025 | Text Book | |
| MATHEMATICS | VAST Central Library | VAST Central Library | S-138/AS | 14/11/2025 | Minerva Books | 300.00 | 85 | 510 VAR | 37978 | 19/11/2025 | Text Book | |
| MATHEMATICS | VAST Central Library | VAST Central Library | S-138/AS | 14/11/2025 | Minerva Books | 300.00 | 85 | 510 VAR | 37979 | 19/11/2025 | Text Book | |
| MATHEMATICS | VAST Central Library | VAST Central Library | 14/11/2025 | Minerva Books | 300.00 | 85 | 510 VAR | 37980 | 19/11/2025 | Text Book | ||
| MATHEMATICS | VAST Central Library | VAST Central Library | 14/11/2025 | Minerva Books | 300.00 | 85 | 510 VAR | 37981 | 19/11/2025 | Text Book | ||
| MATHEMATICS | VAST Central Library | VAST Central Library | S-138/AS | 14/11/2025 | Minerva Books | 300.00 | 85 | 510 VAR | 37982 | 19/11/2025 | Text Book | |
| MATHEMATICS | VAST Central Library | VAST Central Library | S-138/AS | 14/11/2025 | Minerva Books | 300.00 | 85 | 510 VAR | 37983 | 19/11/2025 | Text Book | |
| MATHEMATICS | VAST Central Library | VAST Central Library | S-138/AS | 14/11/2025 | Minerva Books | 300.00 | 85 | 510 VAR | 37984 | 19/11/2025 | Text Book | |
| MATHEMATICS | VAST Central Library | VAST Central Library | S-138/AS | 14/11/2025 | Minerva Books | 300.00 | 85 | 510 VAR | 37985 | 19/11/2025 | Text Book | |
| MATHEMATICS | VAST Central Library | VAST Central Library | S-138/AS | 14/11/2025 | Minerva Books | 300.00 | 85 | 510 VAR | 37986 | 19/11/2025 | Text Book | |
| MATHEMATICS | VAST Central Library | VAST Central Library | S-138/AS | 14/11/2025 | Minerva Books | 300.00 | 85 | 510 VAR | 37987 | 19/11/2025 | Text Book | |
| MATHEMATICS | VAST Central Library | VAST Central Library | S-138/AS | 14/11/2025 | Minerva Books | 300.00 | 85 | 510 VAR | 37988 | 19/11/2025 | Text Book | |
| MATHEMATICS | VAST Central Library | VAST Central Library | 14/11/2025 | Minerva Books | 300.00 | 85 | 510 VAR | 37989 | 19/11/2025 | Text Book | ||
| MATHEMATICS | VAST Central Library | VAST Central Library | S-138/AS | 14/11/2025 | Minerva Books | 300.00 | 85 | 510 VAR | 37990 | 19/11/2025 | Text Book | |
| MATHEMATICS | VAST Central Library | VAST Central Library | S-138/AS | 14/11/2025 | Minerva Books | 300.00 | 85 | 510 VAR | 37991 | 19/11/2025 | Text Book | |
| MATHEMATICS | VAST Central Library | VAST Central Library | 14/11/2025 | Minerva Books | 300.00 | 85 | 510 VAR | 37992 | 19/11/2025 | Text Book | ||
| MATHEMATICS | VAST Central Library | VAST Central Library | 14/11/2025 | Minerva Books | 300.00 | 85 | 510 VAR | 37993 | 19/11/2025 | Text Book | ||
| MATHEMATICS | VAST Central Library | VAST Central Library | S-138/AS | 14/11/2025 | Minerva Books | 300.00 | 85 | 510 VAR | 37994 | 19/11/2025 | Text Book | |
| MATHEMATICS | VAST Central Library | VAST Central Library | S-138/AS | 14/11/2025 | Minerva Books | 300.00 | 85 | 510 VAR | 37995 | 19/11/2025 | Text Book | |
| MATHEMATICS | VAST Central Library | VAST Central Library | 14/11/2025 | Minerva Books | 300.00 | 85 | 510 VAR | 37996 | 19/11/2025 | Text Book | ||
| MATHEMATICS | VAST Central Library | VAST Central Library | 14/11/2025 | Minerva Books | 300.00 | 85 | 510 VAR | 37997 | 19/11/2025 | Text Book | ||
| MATHEMATICS | VAST Central Library | VAST Central Library | 14/11/2025 | Minerva Books | 300.00 | 85 | 510 VAR | 37998 | 19/11/2025 | Text Book | ||
| MATHEMATICS | VAST Central Library | VAST Central Library | 14/11/2025 | Minerva Books | 300.00 | 85 | 510 VAR | 37999 | 19/11/2025 | Text Book | ||
| MATHEMATICS | VAST Central Library | VAST Central Library | S-138/AS | 14/11/2025 | Minerva Books | 300.00 | 85 | 510 VAR | 38000 | 19/11/2025 | Text Book | |
| MATHEMATICS | VAST Central Library | VAST Central Library | S-138/AS | 14/11/2025 | Minerva Books | 300.00 | 85 | 510 VAR | 38001 | 19/11/2025 | Text Book | |
| MATHEMATICS | VAST Central Library | VAST Central Library | S-138/AS | 14/11/2025 | Minerva Books | 300.00 | 85 | 510 VAR | 38002 | 19/11/2025 | Text Book | |
| MATHEMATICS | VAST Central Library | VAST Central Library | S-138/AS | 14/11/2025 | Minerva Books | 300.00 | 85 | 510 VAR | 38003 | 19/11/2025 | Text Book |